000 01238nam a22002657a 4500
001 002145092
003 DO-SdBNP
005 20180215101313.0
007 002145092
008 161205b 2002 pr a ||||| |||| 00| 0 spa d
020 _a8439908555
040 _aBPMSU
_bspa
_cBPMSU
100 1 _aAlegría, Ricardo E.
245 1 0 _aCuentos folklóricos de Puerto Rico /
_crecogidos y editados por Ricardo E. Alegría ; ilustraciones de Rafael Seco.
250 _a9ª ed.
260 _aSan Juan de Puerto Rico :
_b[s. l.],
_c2002.
300 _a120 p. :
_bil. ;
_c22 cm.
490 1 _aEstudios puertorriqueños
505 0 _tLos tres hermanos y los objetos maravillosos --
_tLos tres deseos --
_tJuan Bobo y la princesa adivinadora --
_tEl ahijado de la muerte --
_tEl plumaje del múcaro --
_tEl conde Cuervo y la princesa --
_tPedro Animala y su sombrero de tres picos --
_tJuan Bobo, la puerca, los pollos y el caldero --
_tLos hijos del rey y el pájaro adivino --
_tEl conejo y el tigre --
_tEl castillo de irás y no volverás --
_tJuanito y la princesa.
700 1 2 _aSeco, Rafael,
_eil.
830 0 _aEstudios puertorriqueños.
942 _2ddc
_cBK
945 _aInventariado, 2018 /LP
956 _aLOPEREZ
_b10
_c20161205
_hBPMSU
999 _c12272
_d12272